Introducción a la parte especial del derecho penal: su vinculación con la parte general

Salvato in:
Dettagli Bibliografici
Autore principale: Balcarce Arancibia, Fabián Ignacio (Autore)
Natura: Libro
Lingua:spagnolo
Pubblicazione: Montevideo B de F 2009
Soggetti:
Tags: Aggiungi Tag
Nessun Tag, puoi essere il primo ad aggiungerne!!

MARC

LEADER 00000nam a2200000 a 4500
001 UCG4743
003 CL-VaPUC
008 101125e20090000uy |||||||||||||||||spa|d
020 |a 9789974676251 
082 0 4 |a 345  |b BAL  |2 21 
100 0 |a Balcarce Arancibia, Fabián Ignacio  |e author  |9 554193 
245 1 0 |a Introducción a la parte especial del derecho penal: su vinculación con la parte general 
300 |a 311 p 
942 |c BK 
945 |d 20101125 00:00:00  |a mfarfan 
260 |a Montevideo  |b B de F  |c 2009 
650 7 |a DERECHO PENAL  |2 CL-VaPUC  |9 11 
650 0 |a Delitos  |9 224143 
583 |a last modification  |c 20150430 04:00:49  |k Rodrigo Vera 
999 |c 343392  |d 343390 
952 |0 0  |1 0  |4 0  |6 345_000000000000000_BAL_2009  |7 0  |8 A  |9 440678  |a BIBDER  |b BIBDER  |d 2019-11-22  |i 4737970  |l 2  |o 345 BAL 2009  |p 4737970  |r 2023-01-25  |s 2022-06-14  |w 2019-11-22  |y BK  |k DER